000 004410000a22001810004500
003 MACL
005 20150826142027.0
008 150826b xxu||||| |||| 00| 0 eng d
040 _aMACL
_cMACL
041 _aEnglish
082 _a741.642
100 _aSwift,Jonathan
_97574
245 _aThe Adventures of Gulliveres
260 _aDelhi
_bDolfin Book
_c2011
350 _a250
650 _aChildran Book
_97575
942 _cBK
_k741.642
_2ddc
999 _c47764
_d47764